000 00311nam a2200133Ia 4500
008 191201s2005 xx 000 0 und d
082 _a005.4
_bCHC
100 _aCHOTTOPADHYAY, Santanu
245 0 _aCompiler Design
260 _aN.Delhi
_bPHI
_c2005
300 _a225
650 _aB.Tech(CSE)
942 _2ddc
_cBK
999 _c1776
_d1776